Score 0/12 Timer 01:00
1 Play Today
Hint Four-letter word % Correct
Lennon of the BeatlesJOHN
99.4%
Come togetherJOIN
91.7%
Shilling or sixpence, e.g.COIN
88.6%
McCartney of the BeatlesPAUL
84.7%
Where to shopMALL
79%
Castle defenseMOAT
78.2%
Loop of rope or wireCOIL
76.9%
Attack with clawsMAUL
74.4%
Fuel from NewcastleCOAL
66.3%
McIntosh, or London Fog, etc.COAT
65.6%
Birds and snakes do itMOLT
61.3%
Gangster's girlMOLL
59.2%

Today's Daily Dose

Missing Word
'T' Pairs

Word Ladder
Game Pieces

Get the Picture
Baseball Movies

Remove Ads.
Support Sporcle.
Get the best of Sporcle when you Go Orange. This ad-free experience offers more features, more stats, and more fun while also helping to support Sporcle. Thank you for becoming a member.

You're not logged in!

Compare scores with friends on all Sporcle quizzes.
OR
Log In

Show Comments

Extras

Top Quizzes Today


Score Distribution

Your Account Isn't Verified!

In order to create a playlist on Sporcle, you need to verify the email address you used during registration. Go to your Sporcle Settings to finish the process.

Report this User

Report this user for behavior that violates our Community Guidelines.

Details: